|
|
|
|
| LEADER |
01019nam a22002652a 4500 |
| 001 |
000321901 |
| 003 |
CZ BrMZK |
| 005 |
20131113112405.0 |
| 007 |
ta |
| 008 |
980107s1967 xr af f cze d |
| 015 |
|
|
|a cnb000493327
|
| 035 |
|
|
|a (OCoLC)7141387
|
| 040 |
|
|
|a UOG001
|b cze
|d BOA001
|
| 072 |
|
7 |
|a 821.162.3-3
|x Česká próza
|2 Konspekt
|9 25
|
| 100 |
1 |
|
|a Kožnar, Zbyněk,
|d 1925-1986
|7 jk01062677
|4 aut
|
| 245 |
1 |
0 |
|a Rezident /
|c Zbyněk Kožnar
|
| 250 |
|
|
|a 2. vyd.
|
| 260 |
|
|
|a Praha :
|b Svět sovětů,
|c 1967
|
| 300 |
|
|
|a 202 s., obr. příl. :
|b il.
|
| 653 |
0 |
|
|a válečná
|a česká literatura
|a 2. světová válka
|
| 856 |
4 |
1 |
|u http://www.digitalniknihovna.cz/mzk/uuid/uuid:ea6dc2c0-139a-11e3-bc65-005056827e51
|y Digitalizovaný dokument
|x NDK
|
| 910 |
|
|
|a BOA001
|b PK-0042.912-67
|b 2-0558.501-67
|
| 990 |
|
|
|a BK
|
| 996 |
6 |
|
|b 2619026572
|c 2-0558.501-67
|l HP2
|r DEN
|n 0
|w 000321901
|u 000020
|a 1
|e BOA001
|j MZK50
|s P
|
| 996 |
7 |
|
|b 3119927157
|c PK-0042.912-67
|l MZK
|r Sklad / do 1 hodiny
|n 1
|w 000321901
|u 000010
|a 1
|e BOA001
|j MZK50
|s A
|